Library Logo

Pioneer International University Library Catalogue

Duara (Record no. 9522)

MARC details
000 -LEADER
fixed length control field 00349nam a22001337a 4500
005 - DATE AND TIME OF LATEST TRANSACTION
control field 20250901165817.0
008 - FIXED-LENGTH DATA ELEMENTS--GENERAL INFORMATION
fixed length control field 250402b |||||||| |||| 00| 0 eng d
020 ## - INTERNATIONAL STANDARD BOOK NUMBER
International Standard Book Number 9789966194503
050 ## - LIBRARY OF CONGRESS CALL NUMBER
Classification number PL 8704 .A74 2016
245 ## - TITLE STATEMENT
Title Duara
Statement of responsibility, etc. Timothy M. Arege
260 ## - PUBLICATION, DISTRIBUTION, ETC.
Place of publication, distribution, etc. Nairobi:
Name of publisher, distributor, etc. Brook Africa Limited,
Date of publication, distribution, etc. 2016.
300 ## - PHYSICAL DESCRIPTION
Extent iv, 92 p.:
Dimensions 18 cm.
942 ## - ADDED ENTRY ELEMENTS (KOHA)
Source of classification or shelving scheme Library of Congress Classification
Holdings
Withdrawn status Lost status Source of classification or shelving scheme Damaged status Not for loan Collection Home library Current library Shelving location Date acquired Source of acquisition Total checkouts Full call number Barcode Date last seen Copy number Price effective from Koha item type
    Library of Congress Classification       Main Library Main Library   04/02/2025 Donation from KICD   PL 8704 .A74 2016 PIUD0000634 04/02/2025 1 04/02/2025 Books
    Library of Congress Classification       Main Library Main Library   04/02/2025 Donation from KICD   PL 8704 .A74 2016 PIUD0000635 04/02/2025 2 04/02/2025 Books